Porada, Haik Thomas, 1972-. Kurland und Rügen. - Siegen : Selbstverl. d. J.G.Herder-Bibliothek Siegerland. - 2002 [Rezension]

Titel: Porada, Haik Thomas, 1972-. Kurland und Rügen. - Siegen : Selbstverl. d. J.G.Herder-Bibliothek Siegerland. - 2002 [Rezension]
Verfasser:
In: Jahrbuch des baltischen Deutschtums, Band 51 (2003), Seite 212-215
alle Artikel anzeigen
Veröffentlicht: 2003 [2004]
Format: Aufsatz
Sprache: Deutsch
Kein Bild verfügbar
X
alg: 39489116
001A    $01999:12-11-16 
001B    $01999:03-08-21 $t21:05:47.000 
001D    $01999:12-11-16 
001U    $0utf8 
001X    $00 
002@    $0Aox 
003@    $0394891163 
007A    $0394891163 $aHEB 
007T    $0Herdc0037455m 
010@    $ager 
011@    $a2003 $n2003 [2004] 
021A    $aPorada, Haik Thomas, 1972-. Kurland und Rügen. - Siegen : Selbstverl. d. J.G.Herder-Bibliothek Siegerland. -  2002 [Rezension] 
028A    $aMüns $dHeike 
031A    $d51 $h212-215 $j2003 
039B    $aIn $8--Abvc--. Jahrbuch des baltischen Deutschtums. - Lüneburg : Carl-Schirren-Ges., 1927-2012. - ISSN 0075-2436 $x200300000510000788 $9047351179 
039T    $8--Aau--Porada, Haik Thomas$Z1972- [Tp3]. Kurland und Rügen. - Siegen : Selbstverl. d. J.G.Herder-Bibliothek Siegerland, 2002. - 94 S.. - Ill.. - ISBN 3-936355-34-7 $9106715313 
045F    $a900.943816 $eDDC23BSB 
045F/01 $a900 
045F/03 $g43816 
045F/03 $g4796 
045T    $a7,41 $a7,44 
045T    $aGER $qDE-30 $2FID 

lok: 39489116 78

exp: 39489116 78 1 #EPN
201B/01 $018-11-16 $t13:03:30.000 
201U/01 $0utf8 
203@/01 $0791189740 
208@/01 $a12-11-16 $be 
209A/01 $a/ $f000 $x00 
220C/01 $aTitelaufnehmer: kk 
220C/01 $aHerkunft: HI Marburg 
244Z/01 $2Trx $#Pomeranija $#Pommern $#Pomoransko $#Pomořansko $#Hinterpommern;Vorpommern;Mittelpommern $#Pomorze Środkowe;Pomorze Przednie $#Pomořansko;Západní Pomořany; Pomořany $8--Trx--Pomorze Zachodnie $x01 $9391303775 
244Z/01 $2Trx $#Latvija $#Lettland $#Łotwa $#Lotyšsko $8--Trx--Latvija $x02 $9391275879 
244Z/01 $2Trx $#arvustused $#recenzijos $#Reviews $#recenziók $#recenzje $#recenzie $#recenze $8--Trx--Rezensionen $x03 $9391357441 
247C/01 $82080>Marburg/Lahn, Herder-Institut, Forschungsbibliothek, Bibliographieportal $9336309341
LEADER 00000caa a22000002c 4500
001 394891163
003 DE-603
005 20210803210547.0
007 tu
008 161112s2003 xx |||| | u00||u|ger c
035 |a (DE-599)HEB394891163 
040 |a DE-603  |b ger  |c DE-603  |d DE-603 
041 |a ger 
082 0 4 |8 1\u  |a 900.943816  |q DE-101  |2 23/BSB 
084 |a 7,41  |a 7,44  |2 ssgn 
084 |a GER  |q DE-30  |2 fid 
085 |8 1\u  |b 900 
085 |8 1\u  |z 2  |s 43816 
085 |8 1\u  |z 2  |s 4796 
100 1 |a Müns, Heike 
245 0 0 |a Porada, Haik Thomas, 1972-. Kurland und Rügen. - Siegen : Selbstverl. d. J.G.Herder-Bibliothek Siegerland. - 2002 [Rezension] 
264 0 |c 2003 [2004] 
773 0 8 |i In  |t Jahrbuch des baltischen Deutschtums  |d Lüneburg : Carl-Schirren-Ges., 1927-2012  |x 0075-2436  |g Band 51 (2003), Seite 212-215  |w (DE-603)047351179  |w (DE-600)217235-5 
787 0 8 |i Rezension von  |a Porada, Haik Thomas, 1972-  |t Kurland und Rügen  |d Siegen : Selbstverl. d. J.G.Herder-Bibliothek Siegerland, 2002  |h 94 S., Ill.  |z 3936355347  |w (DE-603)106715313 
924 0 |9 2080  |a (DE-603)791189740  |b DE-2080  |c HES  |d d  |g /